[Event "KEN-ch"]
[Site "Nairobi"]
[Date "2015.12.13"]
[Round "7"]
[White "Peter, Diing"]
[Black "Kevins, Omondi Joseph"]
[Result "1/2-1/2"]
[WhiteElo "1619"]
[BlackElo "1969"]
[PlyCount "94"]
[EventDate "2015.12.11"]
[EventType "swiss"]
[EventRounds "8"]
[EventCountry "KEN"]
[SourceTitle "CBM 170 Extra"]
[Source "ChessBase"]
[SourceDate "2016.02.25"]
[SourceVersion "1"]
[SourceVersionDate "2016.02.25"]
[SourceQuality "1"]

1. c4 c5 2. Nf3 Nf6 3. Nc3 e6 4. e4 d6 5. d4 cxd4 6. Nxd4 Nbd7 7. Be3 a6 8. Be2 Be7 9. f3 Qc7 10. 0-0 0-0 11. Bf2 b6 12. Rc1 Bb7 13. Qb3 Nc5 14. Qc2 Nh5 15. g3 Rfd8 16. Rfe1 Nf6 17. b4 Ncd7 18. a3 Kh8 19. Qb3 Rac8 20. Na4 Qb8 21. Nc2 Ba8 22. Qe3 b5 23. cxb5 axb5 24. Nc3 d5 25. exd5 Nxd5 26. Nxd5 Bxd5 27. Nd4 Ne5 28. Nxb5 Nxf3+ 29. Bxf3 Qxb5 30. a4 Qb7 31. Bxd5 Qxd5 32. Rxc8 Rxc8 33. Rc1 Ra8 34. Qa3 Qd2 35. Rb1 Qc2 36. Ra1 Bf6 37. Qa2 Qe4 38. Qb1 Qxb1+ 39. Rxb1 Rxa4 40. b5 Ra1 41. Rxa1 Bxa1 42. b6 Be5 43. b7 Bb8 44. Kf1 Kg8 45. Bc5 f6 46. Ke2 Kf7 47. Kd3 Ke8 1/2-1/2